000 00516nam a2200217Ia 4500
003 0100
008 130227s9999 xx 000 0 und d
040 _cARRUPELIB
050 _aJC71.P62S36
100 _aSchofield, Malcolm
245 _aPlato
245 _bpolitical philosophy
260 _aOxford
260 _bOxford University Press
260 _C2006
300 _a384p.
300 _b 23 cm
440 _aFounders of modern political and social thought
650 _bEducation
942 _2lcc
_01
999 _c1778
_d1778